Countries with only red, white, and blue flags - Statistics

General Stats
  • This quiz has been taken 33 times
  • The average score is 15 of 23
Answer Stats
Countries % Correct
France
97%
Russia
97%
United Kingdom
88%
United States
88%
Netherlands
84%
Australia
81%
Luxembourg
81%
New Zealand
81%
Panama
78%
Iceland
72%
Norway
72%
Liberia
66%
Costa Rica*
63%
Cuba
63%
Slovakia
63%
Thailand
63%
Chile
53%
Czechia
53%
Taiwan
38%
North Korea
34%
Laos
31%
Nepal
31%
Samoa
28%
No matching quizzes found
Score Distribution
Percent of People with Each Score
Percentile by Number Answered
Your Score History
You have not taken this quiz